|
|
|
|
| LEADER |
00580nam a2200181 4500 |
| 020 |
|
|
|a 9788131505946
|
| 041 |
|
|
|a eng
|
| 082 |
0 |
4 |
|a 175
|b LOU/M
|
| 100 |
1 |
|
|a Louis Alvin Day
|
| 245 |
1 |
0 |
|a Media communication ethics /
|c Louis Alvin Day
|
| 260 |
|
|
|a New Delhi :
|b Cengage Learning,
|c 2009.
|
| 300 |
|
|
|a 382 p. ,
|
| 650 |
|
0 |
|a Mass media
|
| 650 |
|
0 |
|a Ethics Communication
|
| 650 |
|
0 |
|a Media Communication
|
| 942 |
|
|
|c BK
|
| 999 |
|
|
|c 57771
|d 57771
|
| 952 |
|
|
|0 0
|1 0
|4 0
|6 175_000000000000000_LOU_M
|7 0
|9 80943
|a SSUS
|b SSUS
|c STACKS
|d 2015-12-10
|l 1
|o 175 LOU/M
|p 079991
|r 2017-03-14
|s 2017-03-01
|w 2015-12-10
|y BK
|